| 000 | 00490nam a2200181Ia 4500 | ||
|---|---|---|---|
| 001 | 23389 | ||
| 005 | 20260414150934.0 | ||
| 008 | 260414t2013||||xx |||||||||||||| ||spa|| | ||
| 041 | _aESP | ||
| 082 |
_a631.417 _bA35 |
||
| 100 |
_aAlarcón, Alejandro _eAUT |
||
| 245 | 0 |
_aBiorremediación de sueldos y aguas contaminadas con compuestos orgánicos e inorgánicos _b |
|
| 260 | _c2013 | ||
| 300 |
_a333 páginas : _c24 cm. |
||
| 650 | _aCNM | ||
| 654 | _aCCN | ||
| 942 |
_cLIB _dJUS _fJUS _2ddc _n |
||
| 999 |
_c23389 _d23389 |
||